[Event "Montigny le Bretonneux Noel op 13th"]
[Site "Montigny le Bretonneux"]
[Date "2010.12.29"]
[Round "5"]
[White "Guedon, Sosthene"]
[Black "Fayolle, Guy"]
[Result "0-1"]
[WhiteElo "1599"]
[BlackElo "1799"]
[PlyCount "142"]
[EventDate "2010.12.26"]
[EventType "swiss"]
[EventRounds "7"]
[EventCountry "FRA"]
[SourceTitle "CBM 140 Extra"]
[Source "ChessBase"]
[SourceDate "2011.03.01"]
[SourceVersion "1"]
[SourceVersionDate "2011.03.01"]
[SourceQuality "1"]

1. e4 e5 2. Nf3 Nc6 3. Bb5 a6 4. Bxc6 dxc6 5. 0-0 Qf6 6. d4 exd4 7. Nxd4 Bc5 8. Nf3 Bg4 9. Nbd2 Ne7 10. e5 Qg6 11. h3 Bxh3 12. Nh4 Qg3 13. Ne4 Qxh4 14. Nxc5 Bc8 15. Be3 Nf5 16. Qf3 Nxe3 17. Qxe3 0-0 18. Rad1 b6 19. Nd7 Re8 20. Qf3 Re6 21. Rd3 Rh6 22. Qh3 Qxh3 23. gxh3 Bxd7 24. Rxd7 Rxh3 25. Rxc7 c5 26. Rd1 Rh5 27. Rdd7 Rxe5 28. Rxf7 Rg5+ 29. Kf1 Rf8 30. Rxf8+ Kxf8 31. Ke2 h5 32. Rc6 h4 33. Rxb6 h3 34. Rb8+ Kf7 35. Rh8 Rg1 36. Rxh3 Ke6 37. Ra3 Kd5 38. Rxa6 g5 39. Rg6 Ke4 40. a4 Kd4 41. a5 Rb1 42. Rxg5 Rxb2 43. Kd2 Ra2 44. Rg4+ Kd5 45. Kd3 Rxa5 46. Rg5+ Kd6 47. Kc4 Ra4+ 48. Kb5 Rb4+ 49. Ka5 Rc4 50. Kb5 Rxc2 51. f4 Rb2+ 52. Kc4 Rb4+ 53. Kd3 Rxf4 54. Rg6+ Kd5 55. Rg5+ Kc6 56. Rg6+ Kb5 57. Rg8 Rf3+ 58. Kc2 Kb4 59. Rc8 Rf2+ 60. Kd3 Rf3+ 61. Kc2 Kc4 62. Kb2 Rf2+ 63. Ka3 Kd4 64. Rd8+ Kc3 65. Ka4 c4 66. Rh8 Ra2+ 67. Kb5 Kb3 68. Rh1 c3 69. Rh3 Kb2 70. Kb4 c2 71. Rh2 Kb1 0-1

[Event "FRA-chTA U20 1011"]
[Site "France"]
[Date "2010.11.21"]
[Round "1.5"]
[White "Guedon, Sosthene"]
[Black "Chevalier, Ezio"]
[Result "0-1"]
[WhiteElo "1599"]
[BlackElo "1640"]
[PlyCount "83"]
[EventDate "2010.11.21"]
[EventType "team-tourn"]
[EventRounds "7"]
[EventCountry "FRA"]
[SourceTitle "EXT 2012"]
[Source "ChessBase"]
[SourceDate "2011.11.24"]
[SourceVersion "1"]
[SourceVersionDate "2011.11.24"]
[SourceQuality "1"]
[WhiteTeam "Lyon"]
[BlackTeam "Creteil"]
[WhiteTeamCountry "FRA"]
[BlackTeamCountry "FRA"]

1. e4 d5 2. exd5 Qxd5 3. Nc3 Qd6 4. d4 Nf6 5. Nf3 a6 6. Bc4 b5 7. Bb3 e6 8. 0-0 Be7 9. Ne2 Bb7 10. Bf4 Qb6 11. Ne5 0-0 12. c4 c5 13. dxc5 Bxc5 14. Qc2 Nc6 15. Nf3 Nb4 16. Qc1 Ng4 17. Bg3 Nd3 18. Qd2 Bxf2+ 19. Bxf2 Ngxf2 20. Ned4 Bxf3 21. Rxf2 Qxd4 22. gxf3 Rfd8 23. Rd1 bxc4 24. Bc2 Qxb2 25. Bxd3 Qxd2 26. Rfxd2 Rxd3 27. Rxd3 cxd3 28. Rxd3 Kf8 29. Kf2 Rc8 30. Ra3 Rc6 31. Ke3 Ke7 32. Kd4 f5 33. f4 Kf6 34. Ra5 g5 35. Ke3 Rd6 36. a4 h5 37. h3 gxf4+ 38. Kxf4 e5+ 39. Ke3 Re6 40. h4 Rd6 41. Kf3 f4 42. Ke4 0-1

[Event "FRA-chT U20 0809"]
[Site "Sautron"]
[Date "2009.01.02"]
[Round "4.8"]
[White "Guedon, Sosthene"]
[Black "Girande, Alexandre"]
[Result "1-0"]
[WhiteElo "1509"]
[BlackElo "1180"]
[PlyCount "46"]
[EventDate "2008.10.??"]
[EventType "team-tourn"]
[EventRounds "11"]
[EventCountry "FRA"]
[SourceTitle "EXT 2010"]
[Source "ChessBase"]
[SourceDate "2010.11.25"]
[SourceVersion "1"]
[SourceVersionDate "2010.11.25"]
[SourceQuality "1"]

1. e4 e5 2. Nf3 Nf6 3. Nxe5 d6 4. Nf3 Nxe4 5. Qe2 Qe7 6. d3 Nf6 7. Bg5 Qxe2+ 8. Bxe2 Be7 9. Nc3 0-0 10. 0-0 Nc6 11. Rfe1 h6 12. Bh4 Re8 13. Nb5 Rb8 14. Nxc7 Rf8 15. Nb5 Bf5 16. Nd2 Nd5 17. Bxe7 Ndxe7 18. Nxd6 Bg6 19. Bf3 Nf5 20. Nxf5 Bxf5 21. Nc4 Nd4 22. Ne3 Bg6 23. Bd5 Rfd8 1-0

[Event "FRA-ch U08"]
[Site "Le Grand Bornand"]
[Date "2007.04.??"]
[Round "9"]
[White "Guedon, Sosthene"]
[Black "Pigeat, Alexandre"]
[Result "1/2-1/2"]
[WhiteElo "1340"]
[BlackElo "1380"]
[PlyCount "62"]
[EventDate "2007.04.07"]
[EventType "swiss"]
[EventRounds "9"]
[EventCountry "FRA"]
[SourceTitle "CBM 118 Extra"]
[Source "ChessBase"]
[SourceDate "2007.07.04"]
[SourceVersion "1"]
[SourceVersionDate "2007.07.04"]
[SourceQuality "1"]

1. e4 e5 2. Nf3 f5 3. exf5 Qf6 4. d4 exd4 5. Nxd4 Bc5 6. Be3 Nc6 7. c3 Nge7 8. Qd3 Nxd4 9. Bxd4 Bxd4 10. Qxd4 Qxd4 11. cxd4 Nxf5 12. d5 Nd4 13. Bd3 0-0 14. 0-0 d6 15. Nc3 Bf5 16. Bxf5 Nxf5 17. Rfe1 Rf7 18. Re2 Re7 19. Rae1 Rxe2 20. Rxe2 Kf7 21. g4 Nd4 22. Re3 Nc2 23. Re2 Nd4 24. Re3 Nc2 25. Re2 Nd4 26. Re3 a6 27. Rd3 Nb5 28. Re3 Nd4 29. Re4 Nb5 30. Re3 Nd4 31. Re4 Nb5 1/2-1/2